01349 2200289 4500001002100000005001500021035002000036008004100056020001800097041000800115082001500123084001900138100002200157245005100179250002600230260004300256300001800299500002300317520053400340650003500874990002500909990002500934990002500959990002500984990002501009990002501034INLIS00000000000256420221102050436 a0010-0520002564221102 | | eng  a1-84041-771-7 aeng a342.730853 a342.730853 FRE0 aFreedom of Speech1 aFreedom of Speech /cEdited by Larry Alexander a2nd ed. Volume I & II aAldershot :bAshgate Publishing,c2000 a2v. ;c25 cm. aIndeks : p.467-468 aThis is the of a two-volume collection: Volume I, "Foundations",begins with my 1998 encyclopedia entry, focuses on justificatory and conceptual theories of freedom of speech, which functions as an overview of the topic. This volume turns to doctrinal theories. Because of the limitations of space, only a few specific doctrinal areas-insults, incitements and governmental subsidies - are examined directly, although some other areas (public employee speech, libel, and infliction of emotional distress) receive limited attention. 4aFreedom of speech - Philosophy a09256/MKRI-P/XI-2008 a09257/MKRI-P/XI-2008 a09256/MKRI-P/XI-2008 a09257/MKRI-P/XI-2008 a09257/MKRI-P/XI-2008 a09256/MKRI-P/XI-2008